Welcome to the Holygrace Academy Library

Please use search bar below to get started

STEVE JOBS (Record no. 5801)

MARC details
000 -LEADER
fixed length control field 00304nam a22001337a 4500
020 ## - INTERNATIONAL STANDARD BOOK NUMBER
ISBN 978-93-5103-263-2
082 ## - DEWEY DECIMAL CLASSIFICATION NUMBER
Classification number 920
Item number GRE/S
100 ## - MAIN ENTRY--AUTHOR NAME
Personal name GREGORY, JOSH
245 ## - TITLE STATEMENT
Title STEVE JOBS
Remainder of title TRUE BOOK
260 ## - PUBLICATION, DISTRIBUTION, ETC. (IMPRINT)
Place of publication NEW YORK
Name of publisher SCHOLASTIC
Year of publication 2013
300 ## - PHYSICAL DESCRIPTION
Number of Pages 48
650 ## - SUBJECT ADDED ENTRY--TOPICAL TERM
Topical Term BIOGRAPHY
Geographic subdivision UNITED STATES
942 ## - ADDED ENTRY ELEMENTS (KOHA)
Koha item type Books
Holdings
Withdrawn status Lost status Collection code Home library Current library Shelving location Date acquired Source of acquisition Full call number Accession Number Koha item type
    Non-fiction Main Library Main Library SHELF 15F -I GET IT,BIOGRAPHY FOR CHILDREN (IMPULSE GREAT PEOPLE 03/06/2017 purchase 920 GRE/S 04553 Books